Womens Literature in Indian Languages (1850 to 2000 ) Vol- II (Record no. 417723)

MARC details
000 -LEADER
fixed length control field 00256nam a2200097Ia 4500
008 - FIXED-LENGTH DATA ELEMENTS--GENERAL INFORMATION
fixed length control field 230605s9999 xx 000 0 und d
041 ## - LANGUAGE CODE
Language code of text/sound track or separate title eng
100 ## - MAIN ENTRY--PERSONAL NAME
Personal name Khandge
245 ## - TITLE STATEMENT
Title Womens Literature in Indian Languages (1850 to 2000 ) Vol- II
650 ## - SUBJECT ADDED ENTRY--TOPICAL TERM
Topical term or geographic name entry element G.SKILL

No items available.